000 00325nam a22001337a 4500
008 241217b |||||||| |||| 00| 0 eng d
020 _a9780071287504
050 _aHD30.28
_b.P43
100 _aPEARCE, A. John
245 _aStrategic Management
260 _aNew York
_bMcGrow Hill
_c2011
300 _axxi, 404p.
942 _cBK
999 _c1856
_d1856